|
|
|
|
| LEADER |
00000cam a2200000 i 4500 |
| 001 |
1/89527 |
| 008 |
080624s1958 gre d |
| 035 |
|
|
|l 10098393
|
| 040 |
|
|
|a GR-MY-UA
|b gre
|e aacr
|
| 041 |
0 |
|
|a gre
|
| 082 |
0 |
|
|a 180.938
|2 (22)
|
| 100 |
1 |
|
|a Μαρινάκης, Κλέων Ε.
|
| 245 |
1 |
2 |
|a Η πολιτεία του Πλάτωνος /
|c Κλέωνος Εμμ. Μαρινάκη
|
| 260 |
|
|
|a Αθήνα :
|b χ.ο.,
|c 1958
|
| 300 |
|
|
|a 163 σ.;
|c 17 εκ.
|
| 600 |
0 |
0 |
|a Πλάτων,
|d 428 ή 7-348 ή 7 π.Χ.
|
| 650 |
0 |
0 |
|a Philosophy, Ancient.
|
| 852 |
|
|
|a INST
|b RHODES
|c AKA
|e 20080624
|h 180.938 ΜΑΡ
|p 005400028947
|q 005400028947
|t BK
|y 0
|
| 901 |
|
|
|a BIBL4-2008-2
|
| 909 |
|
|
|a Ρ
|b 150260
|
| 970 |
|
|
|a ΜΙΣΣΟΣ
|b ΣΤΑΥΡΟΣ
|z 2008/06/24
|